[Event "Titled Tuesday intern op 02nd Apr Early"]
[Site "Chess.com INT"]
[Date "2024.04.02"]
[Round "7"]
[White "Afanasieva, Alexandra"]
[Black "Asylov, Miras"]
[Result "1-0"]
[WhiteElo "1914"]
[BlackElo "2342"]
[PlyCount "53"]
[EventDate "2024.04.02"]
[EventType "swiss (blitz)"]
[EventRounds "11"]
[EventCountry "USA"]
[SourceTitle "CB15_2024"]
[SourceDate "2024.04.10"]
[SourceVersion "1"]
[SourceVersionDate "2024.04.10"]
[SourceQuality "1"]

1. e4 c5 2. c4 Nc6 3. Nc3 g6 4. g3 Bg7 5. d3 e6 6. Bg2 Nge7 7. Nge2 0-0 8. 0-0 a6 9. f4 Rb8 10. Rb1 b5 11. b3 Nd4 12. Be3 b4 13. Na4 Qa5 14. g4 f5 15. gxf5 exf5 16. e5 Ne6 17. d4 cxd4 18. Nxd4 Qc7 19. Nxe6 dxe6 20. Qd6 Qd7 21. Qxb8 g5 22. Qd6 Qe8 23. Nb6 Ng6 24. Bc6 Qf7 25. Nxc8 Rxc8 26. Bd7 Rd8 27. Bxe6 1-0

[Event "Titled Tuesday intern op 02nd Apr Early"]
[Site "Chess.com INT"]
[Date "2024.04.02"]
[Round "6"]
[White "Asylov, Miras"]
[Black "Goltsev, Dmitry"]
[Result "0-1"]
[WhiteElo "2342"]
[BlackElo "2215"]
[PlyCount "64"]
[EventDate "2024.04.02"]
[EventType "swiss (blitz)"]
[EventRounds "11"]
[EventCountry "USA"]
[SourceTitle "CB15_2024"]
[SourceDate "2024.04.10"]
[SourceVersion "1"]
[SourceVersionDate "2024.04.10"]
[SourceQuality "1"]

1. Nf3 d5 2. g3 Nf6 3. Bg2 c5 4. 0-0 Nc6 5. d3 e5 6. Nbd2 e4 7. dxe4 dxe4 8. Ng5 e3 9. Nde4 exf2+ 10. Nxf2 Qxd1 11. Rxd1 Bd7 12. c3 h6 13. Nge4 Nxe4 14. Nxe4 0-0-0 15. Bf4 f5 16. Nd6+ Bxd6 17. Bxd6 b6 18. Rd2 Rhe8 19. Rad1 Na5 20. b3 Bc6 21. Bxc6 Nxc6 22. Kf2 Re4 23. Rd5 g6 24. Bf4 Rxd5 25. Rxd5 g5 26. Bd6 Re6 27. h3 a5 28. Bf8 Ne5 29. Bg7 Nf7 30. Rxf5 Nd6 31. Rf8+ Kd7 32. Rh8 Nf5 0-1

[Event "Titled Tuesday intern op 02nd Apr Early"]
[Site "Chess.com INT"]
[Date "2024.04.02"]
[Round "2"]
[White "Asylov, Miras"]
[Black "Makarian, Rudik"]
[Result "0-1"]
[WhiteElo "2342"]
[BlackElo "2524"]
[PlyCount "102"]
[EventDate "2024.04.02"]
[EventType "swiss (blitz)"]
[EventRounds "11"]
[EventCountry "USA"]
[SourceTitle "CB15_2024"]
[SourceDate "2024.04.10"]
[SourceVersion "1"]
[SourceVersionDate "2024.04.10"]
[SourceQuality "1"]

1. b3 d5 2. Bb2 Bg4 3. f3 Bd7 4. d4 Nf6 5. Nd2 c5 6. e3 Nc6 7. a3 cxd4 8. exd4 g6 9. Bd3 h5 10. Ne2 Bh6 11. 0-0 0-0 12. Kh1 Rc8 13. c4 Be6 14. f4 Ng4 15. Rf3 f5 16. Qg1 Nf6 17. Rff1 Ne4 18. Qe3 Nxd2 19. Qxe6+ Kh7 20. Rfd1 Nxb3 21. Rab1 Qd6 22. cxd5 Nca5 23. Qxd6 exd6 24. Bc3 Rfe8 25. Bxa5 Nxa5 26. Rb5 b6 27. g3 Bg7 28. Kg2 Re7 29. Kf2 Rce8 30. Rc1 Bf6 31. Rb2 Kg7 32. Rbc2 Re3 33. Rb1 Rxd3 34. Rc7+ Kh6 35. Rbc1 Rd2 36. Rxa7 Rexe2+ 37. Kf1 Rf2+ 38. Ke1 Rde2+ 39. Kd1 Rf1+ 40. Kxe2 Rxc1 41. a4 Ra1 42. Kf3 Ra3+ 43. Kg2 Rxa4 44. Kh3 Rxd4 45. g4 hxg4+ 46. Kg2 Rd3 47. h3 gxh3+ 48. Kh2 Nc4 49. Ra2 Ne3 50. Rb2 Ng4+ 51. Kg1 Rd1# 0-1

[Event "Titled Tuesday intern op 02nd Apr Early"]
[Site "Chess.com INT"]
[Date "2024.04.02"]
[Round "8"]
[White "Asylov, Miras"]
[Black "Mei, Austin"]
[Result "1-0"]
[WhiteElo "2342"]
[BlackElo "2280"]
[PlyCount "105"]
[EventDate "2024.04.02"]
[EventType "swiss (blitz)"]
[EventRounds "11"]
[EventCountry "USA"]
[SourceTitle "CB15_2024"]
[SourceDate "2024.04.10"]
[SourceVersion "1"]
[SourceVersionDate "2024.04.10"]
[SourceQuality "1"]

1. d4 Nf6 2. Nf3 g6 3. Bg5 Ne4 4. Bh4 Bg7 5. e3 c5 6. Nbd2 Nxd2 7. Qxd2 cxd4 8. exd4 Qb6 9. c3 d5 10. Bd3 Nc6 11. h3 0-0 12. 0-0 Qc7 13. Rfe1 f6 14. Bc2 e6 15. Bg3 Qd8 16. Re2 Re8 17. Rae1 Bd7 18. h4 Rc8 19. h5 g5 20. Qd3 f5 21. Be5 Nxe5 22. Nxe5 a6 23. a4 Re7 24. Qg3 Bf6 25. Nf3 g4 26. Ne5 Be8 27. Nd3 Bf7 28. Nf4 Qd6 29. Nxe6 Rxe6 30. Rxe6 Qxg3 31. fxg3 Bxe6 32. Rxe6 Bg5 33. Bxf5 Rf8 34. Bxg4 Bc1 35. Re2 Kg7 36. Bf3 Rd8 37. Re7+ Kh6 38. Rxb7 Be3+ 39. Kh2 Bf2 40. Rb6+ Kg5 41. Rxa6 Re8 42. Ra5 Re1 43. Rxd5+ Kh6 44. Re5 Rb1 45. Re2 Bg1+ 46. Kh3 Kg5 47. Re5+ Kf6 48. Rb5 Be3 49. Kg4 Bc1 50. a5 Bxb2 51. a6 Bxc3 52. Rxb1 Bxd4 53. Rb7 1-0

[Event "Titled Tuesday intern op 02nd Apr Early"]
[Site "Chess.com INT"]
[Date "2024.04.02"]
[Round "10"]
[White "Asylov, Miras"]
[Black "Rustemov, Alexander"]
[Result "0-1"]
[WhiteElo "2342"]
[BlackElo "2525"]
[PlyCount "108"]
[EventDate "2024.04.02"]
[EventType "swiss (blitz)"]
[EventRounds "11"]
[EventCountry "USA"]
[SourceTitle "CB15_2024"]
[SourceDate "2024.04.10"]
[SourceVersion "1"]
[SourceVersionDate "2024.04.10"]
[SourceQuality "1"]

1. Nf3 d5 2. d4 Nf6 3. e3 Bg4 4. Be2 e6 5. b3 Bd6 6. Bb2 0-0 7. 0-0 Nbd7 8. c4 c6 9. Nbd2 Ne4 10. Nxe4 dxe4 11. Ne5 Bxe2 12. Qxe2 f5 13. Nxd7 Qxd7 14. f3 Qc7 15. fxe4 Bxh2+ 16. Kh1 Bd6 17. exf5 exf5 18. e4 fxe4 19. Qxe4 Rae8 20. Qg4 Qe7 21. d5 cxd5 22. cxd5 Rf7 23. Bc3 Ref8 24. Rxf7 Qxf7 25. Qe6 Bg3 26. Rf1 Qxe6 27. Rxf8+ Kxf8 28. dxe6 g6 29. Bf6 Bd6 30. Kg1 Be7 31. Be5 Bc5+ 32. Kf1 Ke7 33. Bb8 Kxe6 34. Ke2 a6 35. Kd3 Kd5 36. Bf4 Bd6 37. Be3 h5 38. Bg5 Be5 39. Be3 b5 40. Bg5 Bd6 41. Be3 Ke6 42. Ke4 Be7 43. Bf2 g5 44. Be3 g4 45. Bf2 h4 46. Kf4 g3 47. Be3 Kd5 48. Kg4 Ke4 49. Bb6 Kd3 50. Bc7 Kc2 51. Bf4 Kb2 52. Be3 Kxa2 53. Bd4 Kxb3 54. Bc5 Bxc5 0-1

[Event "Titled Tuesday intern op 02nd Apr Early"]
[Site "Chess.com INT"]
[Date "2024.04.02"]
[Round "3"]
[White "Mestnikov, Aisen"]
[Black "Asylov, Miras"]
[Result "1/2-1/2"]
[WhiteElo "2095"]
[BlackElo "2342"]
[PlyCount "90"]
[EventDate "2024.04.02"]
[EventType "swiss (blitz)"]
[EventRounds "11"]
[EventCountry "USA"]
[SourceTitle "CB15_2024"]
[SourceDate "2024.04.10"]
[SourceVersion "1"]
[SourceVersionDate "2024.04.10"]
[SourceQuality "1"]

1. d4 Nf6 2. c4 g6 3. Nc3 Bg7 4. e4 d6 5. Nf3 0-0 6. h3 Na6 7. Be2 c6 8. Be3 Nc7 9. Qc2 Rb8 10. a4 d5 11. cxd5 cxd5 12. e5 Bf5 13. Bd3 Bxd3 14. Qxd3 Nd7 15. 0-0 Rc8 16. Rfc1 Nb8 17. b4 Nc6 18. b5 Na5 19. Nd2 Na8 20. Ne2 Nb6 21. Rxc8 Qxc8 22. Rc1 Nbc4 23. Nb3 Nxb3 24. Qxb3 e6 25. Rc3 Qd7 26. Qc2 Rc8 27. Nc1 Bf8 28. Nd3 Qd8 29. Qb3 Na5 30. Qc2 Rc4 31. Nb2 Rxc3 32. Qxc3 Nc4 33. Nxc4 Qc8 34. Bd2 Qxc4 35. Qxc4 dxc4 36. Kf1 Ba3 37. Bc3 Kf8 38. Ke2 Ke7 39. Kd2 Kd7 40. Kc2 Kc7 41. Bb2 Bb4 42. Bc3 Ba3 43. Bb2 Bb4 44. Bc3 Be7 45. Bb2 Bb4 1/2-1/2

[Event "Titled Tuesday intern op 12th Mar Late"]
[Site "Chess.com INT"]
[Date "2024.03.12"]
[Round "6"]
[White "Tari, Aryan"]
[Black "Asylov, Miras"]
[Result "0-1"]
[WhiteElo "2631"]
[BlackElo "2270"]
[PlyCount "60"]
[EventDate "2024.03.12"]
[EventType "swiss (blitz)"]
[EventRounds "11"]
[EventCountry "USA"]
[SourceTitle "CB12_2024"]
[SourceDate "2023.10.01"]
[SourceVersion "1"]
[SourceVersionDate "2023.10.01"]
[SourceQuality "1"]

1. a3 g6 2. h4 Nf6 3. e4 Nxe4 4. h5 Nf6 5. hxg6 fxg6 6. d4 Bg7 7. Nf3 b6 8. Bd3 Bb7 9. Bh6 Rg8 10. Nc3 e6 11. Bg5 Qe7 12. Rxh7 Qf8 13. Bxg6+ Kd8 14. d5 Kc8 15. dxe6 Nxh7 16. e7 Bxc3+ 17. bxc3 Qg7 18. e8Q+ Rxe8+ 19. Bxe8 Nxg5 20. Nxg5 Qxg5 21. Qe2 Bc6 22. f3 Kb7 23. Rd1 d6 24. Bf7 Nd7 25. a4 a5 26. Kf2 Rf8 27. Be6 Ne5 28. Rh1 Nxf3 29. gxf3 Rxf3+ 30. Qxf3 Bxf3 0-1

[Event "Titled Tuesday intern op 13th Feb Early"]
[Site "Chess.com INT"]
[Date "2024.02.13"]
[Round "3"]
[White "Asylov, Miras"]
[Black "Szpar, Milosz"]
[Result "1/2-1/2"]
[WhiteElo "2176"]
[BlackElo "2495"]
[PlyCount "211"]
[EventDate "2024.02.13"]
[EventType "swiss (blitz)"]
[EventRounds "11"]
[EventCountry "USA"]
[SourceTitle "CB08_2024"]
[SourceDate "2024.02.21"]
[SourceVersion "1"]
[SourceVersionDate "2024.02.21"]
[SourceQuality "1"]

1. b3 d5 2. Bb2 c6 3. Nf3 Bg4 4. d3 Bxf3 5. exf3 Nf6 6. f4 g6 7. Nd2 Bg7 8. g3 0-0 9. Bg2 c5 10. 0-0 Nc6 11. Re1 e6 12. Nf3 d4 13. Nd2 Nd5 14. a4 b6 15. h4 h5 16. Ne4 Nce7 17. Ng5 Qd7 18. Qd2 Nf5 19. Nf3 a6 20. Ra3 b5 21. Rea1 b4 22. R3a2 Nc3 23. Bxc3 dxc3 24. Qe2 Rac8 25. Re1 Bd4 26. Kh2 a5 27. Raa1 Qc7 28. Bh3 Ne7 29. Qf1 Bg7 30. Ng5 Nc6 31. Nf3 Rce8 32. Re4 Nd4 33. Nxd4 Bxd4 34. Rae1 Rd8 35. Qe2 Kg7 36. Qf3 Rd5 37. Bg2 Rd6 38. R4e2 Qd8 39. Qb7 Re8 40. Qf3 Re7 41. Kg1 Qc7 42. Qa8 Rd8 43. Qc6 Qb8 44. Qf3 Rde8 45. Kf1 Qc8 46. Qc6 Qd8 47. Qf3 Qc7 48. Qc6 Qxc6 49. Bxc6 Rd8 50. Bg2 Rd6 51. Ba8 Kf6 52. Be4 Rd8 53. Bf3 e5 54. Bc6 Rd6 55. Bb5 Rb6 56. Bc4 Rbb7 57. fxe5+ Rxe5 58. Rxe5 Bxe5 59. Kg2 Rd7 60. Re3 Bc7 61. Rf3+ Kg7 62. Re3 Bd8 63. Re8 Bc7 64. Rc8 Re7 65. Kf1 Bd6 66. Rc6 Rd7 67. Bb5 Rd8 68. Ra6 Bc7 69. Ra7 Bd6 70. Rxa5 Rc8 71. Bc4 Rc7 72. Ra6 Be7 73. Rb6 g5 74. hxg5 Bxg5 75. a5 Bd8 76. a6 Ra7 77. Rb8 Be7 78. Rc8 Kf6 79. Rc6+ Kg7 80. Kg2 Kf8 81. Rh6 h4 82. gxh4 Kg7 83. Rh5 Kg6 84. Re5 Bxh4 85. Rxc5 Be7 86. Rb5 f5 87. Rb7 Bc5 88. Rxa7 Bxa7 89. Kf3 Kg5 90. Bd5 Bd4 91. Kg3 Be5+ 92. Kf3 Bd4 93. Bb7 Ba7 94. Ke2 Kf4 95. Kf1 Ke5 96. Kg2 Kf4 97. Kg1 Ke5 98. Kf1 Kf4 99. Ke2 Ke5 100. Kd1 Bxf2 101. Ke2 Ba7 102. Kf3 Kf6 103. Bc8 Ke5 104. Bb7 Kf6 105. Bc8 Ke5 106. Bb7 1/2-1/2

[Event "Titled Tuesday intern op 13th Feb Early"]
[Site "Chess.com INT"]
[Date "2024.02.13"]
[Round "1"]
[White "Subramanian, Anusha"]
[Black "Asylov, Miras"]
[Result "1/2-1/2"]
[WhiteElo "2013"]
[BlackElo "2176"]
[PlyCount "74"]
[EventDate "2024.02.13"]
[EventType "swiss (blitz)"]
[EventRounds "11"]
[EventCountry "USA"]
[SourceTitle "CB08_2024"]
[SourceDate "2024.02.21"]
[SourceVersion "1"]
[SourceVersionDate "2024.02.21"]
[SourceQuality "1"]

1. c4 b6 2. d4 Nf6 3. Nc3 Bb7 4. Nf3 g6 5. Qc2 Bxf3 6. exf3 c5 7. d5 Bg7 8. Be3 0-0 9. Bd3 e6 10. dxe6 dxe6 11. Rd1 Qe7 12. 0-0 Nc6 13. Ne4 Nb4 14. Qb1 Nxd3 15. Rxd3 Rad8 16. Rfd1 h6 17. Nxf6+ Qxf6 18. b3 Rxd3 19. Qxd3 Kh7 20. Qd7 Ra8 21. Qb7 Rd8 22. Rxd8 Qxd8 23. g3 Kg8 24. Qxa7 g5 25. Kg2 Qd6 26. Qa8+ Kh7 27. Qe4+ f5 28. Qc2 Kg8 29. Qd2 Qc6 30. Qd8+ Kh7 31. Qd1 Be5 32. h3 Kg6 33. Qd8 Bf6 34. Qg8+ Bg7 35. Qd8 Bf6 36. Qg8+ Bg7 37. Qd8 Bf6 1/2-1/2

[Event "Titled Tuesday intern op 06th Feb Early"]
[Site "Chess.com INT"]
[Date "2024.02.06"]
[Round "6"]
[White "Asylov, Miras"]
[Black "Kekic, Armin"]
[Result "1-0"]
[WhiteElo "2176"]
[BlackElo "2138"]
[PlyCount "89"]
[EventDate "2024.02.06"]
[EventType "swiss (blitz)"]
[EventRounds "11"]
[EventCountry "USA"]
[SourceTitle "CB07_2024"]
[SourceDate "2024.02.14"]
[SourceVersion "1"]
[SourceVersionDate "2024.02.14"]
[SourceQuality "1"]

1. Nf3 d6 2. g3 e5 3. d3 Nc6 4. Bg2 g6 5. 0-0 Bg7 6. c4 f5 7. Nc3 Nf6 8. Rb1 Be6 9. b4 Qd7 10. b5 Nd8 11. Qa4 0-0 12. Ba3 h6 13. c5 Kh7 14. Rfc1 Ne8 15. c6 bxc6 16. bxc6 Qc8 17. Nd2 e4 18. dxe4 f4 19. Nd5 fxg3 20. hxg3 Bh3 21. Bf3 Ne6 22. Bb2 Ng5 23. Bh1 Qg4 24. Bxg7 Nxg7 25. Re1 Rf7 26. Nf3 Rxf3 27. exf3 Nxf3+ 28. Bxf3 Qxf3 29. Nf4 Nh5 30. Qb3 Qg4 31. Qf7+ Ng7 32. Nxh3 Qxh3 33. Rb7 Rc8 34. Rxc7 Rxc7 35. Qxc7 h5 36. Qxd6 h4 37. Qf4 Nh5 38. Qxh4 Qc8 39. Rc1 Qc7 40. Qg5 a5 41. Qd5 Nxg3 42. Qd7+ Qxd7 43. cxd7 Ne2+ 44. Kf1 Nxc1 45. d8Q 1-0

[Event "Titled Tuesday intern op 12th Dec Early"]
[Site "Chess.com INT"]
[Date "2023.12.12"]
[Round "5"]
[White "Asylov, Miras"]
[Black "Dragnev, Valentin"]
[Result "0-1"]
[WhiteElo "2268"]
[BlackElo "2579"]
[PlyCount "92"]
[EventDate "2023.12.12"]
[EventType "swiss (blitz)"]
[EventRounds "11"]
[EventCountry "USA"]
[SourceTitle "CB51_2023"]
[SourceDate "2023.12.20"]
[SourceVersion "1"]
[SourceVersionDate "2023.12.20"]
[SourceQuality "1"]

1. b3 e5 2. Bb2 Nc6 3. e3 g6 4. d4 exd4 5. exd4 d5 6. Nf3 Bg7 7. Be2 Nf6 8. 0-0 0-0 9. Nbd2 Re8 10. Re1 Ne4 11. Nf1 Bg4 12. Ne3 Bxf3 13. Bxf3 f5 14. a3 Qd7 15. Qd3 Rad8 16. Rad1 a6 17. Re2 Qf7 18. Rde1 Re7 19. Nf1 Qf6 20. c3 Rde8 21. a4 Qf7 22. Ba3 Re6 23. Ne3 Qd7 24. Bb2 Bf6 25. Nf1 Kg7 26. g3 h5 27. Bg2 h4 28. Nd2 Nd8 29. Nf3 hxg3 30. hxg3 Nf7 31. c4 c6 32. c5 R8e7 33. Bc1 Qe8 34. Bf4 Nxc5 35. dxc5 Rxe2 36. Rxe2 Rxe2 37. Be3 Ra2 38. Nd4 Ne5 39. Qb1 Ng4 40. Qxa2 Nxe3 41. Nf3 Nxg2 42. Kxg2 Qe4 43. Qd2 g5 44. g4 fxg4 45. Qb4 gxf3+ 46. Kg3 Qxb4 0-1

[Event "Titled Tuesday intern op 12th Dec Early"]
[Site "Chess.com INT"]
[Date "2023.12.12"]
[Round "7"]
[White "Kozak, Antoni"]
[Black "Asylov, Miras"]
[Result "1-0"]
[WhiteElo "2442"]
[BlackElo "2268"]
[PlyCount "69"]
[EventDate "2023.12.12"]
[EventType "swiss (blitz)"]
[EventRounds "11"]
[EventCountry "USA"]
[SourceTitle "CB51_2023"]
[SourceDate "2023.12.20"]
[SourceVersion "1"]
[SourceVersionDate "2023.12.20"]
[SourceQuality "1"]

1. Nf3 Nf6 2. c4 g6 3. Nc3 Bg7 4. e4 d6 5. d4 0-0 6. h3 Na6 7. Bg5 c6 8. Bd3 h6 9. Be3 e5 10. d5 Nh5 11. g3 cxd5 12. cxd5 f5 13. exf5 gxf5 14. Nh4 Nf4 15. Bc2 Nb4 16. Bb1 a5 17. Qd2 Ne6 18. Nxf5 Ng5 19. Bxg5 hxg5 20. Nxg7 Kxg7 21. h4 Bg4 22. a3 Na6 23. hxg5 Nc5 24. Rh7+ Kg8 25. g6 Qf6 26. Bc2 Bf5 27. Bxf5 Qxf5 28. Rh8+ Kg7 29. Qh6+ Kf6 30. Rxf8+ Rxf8 31. Qxf8+ Kxg6 32. Qxf5+ Kxf5 33. Ke2 e4 34. Rh1 Ke5 35. Ke3 1-0

[Event "Titled Tuesday intern op 12th Dec Early"]
[Site "Chess.com INT"]
[Date "2023.12.12"]
[Round "10"]
[White "Mazurkiewicz, Michal"]
[Black "Asylov, Miras"]
[Result "1-0"]
[WhiteElo "2145"]
[BlackElo "2268"]
[PlyCount "99"]
[EventDate "2023.12.12"]
[EventType "swiss (blitz)"]
[EventRounds "11"]
[EventCountry "USA"]
[SourceTitle "CB51_2023"]
[SourceDate "2023.12.20"]
[SourceVersion "1"]
[SourceVersionDate "2023.12.20"]
[SourceQuality "1"]

1. e4 c5 2. Nf3 e6 3. d3 Nc6 4. g3 d6 5. Bg2 Nf6 6. 0-0 Be7 7. Re1 0-0 8. c3 e5 9. h3 h6 10. d4 exd4 11. cxd4 d5 12. e5 Ne4 13. Nc3 cxd4 14. Nxe4 dxe4 15. Rxe4 Bf5 16. Rf4 Bh7 17. h4 Bc5 18. Bd2 Qe7 19. b4 Bb6 20. Qe1 Rfe8 21. a4 a5 22. b5 Nxe5 23. Nxe5 Qxe5 24. Qxe5 Rxe5 25. Bxb7 Rd8 26. Bf3 Bc2 27. Bd1 Bxd1 28. Rxd1 Re2 29. Kf1 d3 30. Rf3 f6 31. Be3 Bxe3 32. Rxe3 Rxe3 33. fxe3 Kf7 34. Ke1 Ke6 35. b6 Rb8 36. Rb1 Kd5 37. Kd2 Kc4 38. g4 g6 39. b7 f5 40. gxf5 gxf5 41. h5 f4 42. exf4 Kd4 43. f5 Ke5 44. Rb5+ Kf6 45. Kxd3 Kg5 46. f6+ Kxf6 47. Kc4 Ke6 48. Kc5 Kd7 49. Kb6 Rg8 50. Ka7 1-0

[Event "Berlin Radtke Memorial op"]
[Site "Berlin"]
[Date "2023.10.29"]
[Round "9"]
[White "Gloeckler, Christian"]
[Black "Asylov, Miras"]
[Result "0-1"]
[WhiteElo "2334"]
[BlackElo "2205"]
[PlyCount "82"]
[EventDate "2023.10.23"]
[EventType "swiss"]
[EventRounds "9"]
[EventCountry "GER"]
[SourceTitle "Mega2024 Update 01"]
[Source "Chessbase"]
[SourceDate "2023.11.12"]
[SourceVersion "1"]
[SourceVersionDate "2023.11.12"]
[SourceQuality "1"]

1. e4 e5 2. Nf3 Nc6 3. Bb5 a6 4. Ba4 Nf6 5. 0-0 Be7 6. Re1 b5 7. Bb3 d6 8. c3 0-0 9. h3 h6 10. d4 Re8 11. Nbd2 Bf8 12. Nf1 Bd7 13. Ng3 Na5 14. Bc2 c5 15. d5 Nc4 16. Nh2 a5 17. Ng4 Nxg4 18. hxg4 a4 19. Nf5 Be7 20. g3 Bg5 21. f4 exf4 22. gxf4 Bxf5 23. gxf5 Bf6 24. Bd3 a3 25. Bxc4 bxc4 26. Re3 axb2 27. Bxb2 Qb6 28. Qe2 Rab8 29. Bc1 Bd4 30. cxd4 cxd4 31. Rg3 d3+ 32. Qe3 Rxe4 33. Qxb6 Rxb6 34. Re3 Rxe3 35. Bxe3 Rb2 36. Kf1 c3 37. Bd4 Rc2 38. Rd1 Rd2 39. Rc1 c2 40. Be3 Re2 41. Re1 Rxe3 0-1

[Event "Berlin Radtke Memorial op"]
[Site "Berlin"]
[Date "2023.10.25"]
[Round "4"]
[White "Asylov, Miras"]
[Black "Barseghyan, Armen Ar"]
[Result "1/2-1/2"]
[WhiteElo "2205"]
[BlackElo "2342"]
[PlyCount "51"]
[EventDate "2023.10.23"]
[EventType "swiss"]
[EventRounds "9"]
[EventCountry "GER"]
[SourceTitle "Mega2024 Update 01"]
[Source "Chessbase"]
[SourceDate "2023.11.12"]
[SourceVersion "1"]
[SourceVersionDate "2023.11.12"]
[SourceQuality "1"]

1. e4 c5 2. Nf3 Nc6 3. d4 cxd4 4. Nxd4 g6 5. c4 d6 6. Nc3 Nf6 7. h3 Nxd4 8. Qxd4 Bg7 9. Be3 0-0 10. Qd2 a5 11. Bd3 a4 12. 0-0 Qa5 13. Rab1 Bd7 14. Rfc1 Rfc8 15. b4 axb3 16. axb3 Qb4 17. Qe1 Bc6 18. Bd2 Qb6 19. Be3 Qd8 20. Nd5 Nd7 21. Bg5 Bxd5 22. exd5 Bf6 23. Be3 Ra3 24. Be2 Nc5 25. Qd1 Rca8 26. Bd3 1/2-1/2